| 000 | 00576nam a22001937a 4500 | ||
|---|---|---|---|
| 999 |
_c8633 _d8633 |
||
| 003 | AR-CdUCM | ||
| 008 | 190325b ||||| |||| 00| 0 spa d | ||
| 020 | _a987-02-1573-4 | ||
| 040 |
_aMUNICIPALIDAD PROVINCIAL DEL CUSCO _cBIBLIOTECA MUNICIPAL DEL CUSCO |
||
| 082 |
_a868.67 / _bG87 |
||
| 100 |
_aGuerreiro Murta, César _924143 |
||
| 245 |
_aSensaciones : _bpoesía politemática / |
||
| 260 |
_aBuenos Aires : _bDunken, _c2005. |
||
| 300 |
_a125 páginas ; _c22 cm. |
||
| 650 |
_aPoesía _9139 |
||
| 650 |
_aLiteratura argentina _984 |
||
| 942 |
_2ddc _cLIBROS |
||
| 945 | _azta | ||